| 000 -LEADER |
| fixed length control field |
01006cam a2200289 a 4500 |
| 001 - CONTROL NUMBER |
| control field |
1071253 |
| 003 - CONTROL NUMBER IDENTIFIER |
| control field |
US-DLC |
| 005 - DATE AND TIME OF LATEST TRANSACTION |
| control field |
20171218082005.0 |
| 008 - FIXED-LENGTH DATA ELEMENTS--GENERAL INFORMATION |
| fixed length control field |
910820s1992 njua b 000 0 eng |
| 010 ## - LIBRARY OF CONGRESS CONTROL NUMBER |
| LC control number |
91032035 |
| 020 ## - INTERNATIONAL STANDARD BOOK NUMBER |
| International Standard Book Number |
013050758X (v. 1) |
| 020 ## - INTERNATIONAL STANDARD BOOK NUMBER |
| International Standard Book Number |
0130518972 (v. 2) |
| 040 ## - CATALOGING SOURCE |
| Original cataloging agency |
DLC |
| Transcribing agency |
DLC |
| Modifying agency |
DLC |
| 050 00 - |
| -- |
909.09821 |
| -- |
.A86 1992 |
| 082 00 - DEWEY DECIMAL CLASSIFICATION NUMBER |
| Classification number |
909.09821 ROG |
| Edition number |
20 |
| 245 00 - TITLE STATEMENT |
| Title |
Aspects of Western civilization : |
| Statement of responsibility, etc |
edited by Perry M. Rogers. |
| 250 ## - |
| -- |
2nd ed. |
| 260 ## - |
| -- |
Englewood Cliffs, N.J. : |
| -- |
Prentice Hall, |
| -- |
c1992. |
| 300 ## - |
| -- |
2 v. : |
| -- |
ill. ; |
| -- |
23 cm. |
| 504 ## - BIBLIOGRAPHY, ETC. NOTE |
| Bibliography, etc |
Includes bibliographical references. |
| 650 #0 - |
| -- |
Civilization, Western |
| -- |
History. |
| 650 #0 - |
| -- |
Civilization, Western |
| -- |
History |
| -- |
Sources. |
| 700 1# - |
| -- |
Rogers, Perry McAdow. |
| 906 ## - LOCAL DATA ELEMENT F, LDF (RLIN) |
| a |
7 |
| b |
cbc |
| c |
orignew |
| d |
1 |
| e |
ocip |
| f |
19 |
| g |
y-gencatlg |
| 942 ## - ADDED ENTRY ELEMENTS (KOHA) |
| Source of classification or shelving scheme |
|
| Item type |
Books |